000 01218cam a2200349 i 4500
001 25565
003 Mx-PuUPA
005 20250327094858.0
008 140415s2004 mx gr 000 0 spa d
020 _a9681671899
040 _aMx-PuUPA
_bspa
_cMx-PuUPA
_dMx-PuUPA
_erda
041 _aspa
100 1 _aBeuchos, Mauricio
_eautor
245 1 3 _aLa semiótica :
_bteorías del signo y el lenguaje en la historia /
_cMauricio Beuchot
250 _aPrimera edición
264 1 _aMéxico, D.F. :
_bFondo de Cultura Económica,
_c©2004
300 _a207 páginas ;
_c17 cm
336 _2rdacontent
_atexto
_btxt
337 _2rdamedia
_acomputadora
_bc
338 _2rdacarrier
_aremoto
_bcr
347 _2rda
_aarchivo de imagen
_bPDF
490 _aColección Brevarios ;
_v513
502 _a
588 _aRecurso en línea; título de la página de título del PDF (OvidEspañol, consultado el 05 de enero de 2021).
650 7 _a
_2armarc
_913986
655 _aLibros electrónicos
765 0 8 _iTraducción de (obra):
856 _yAcceso a través de OvidEspañol
942 _2ddc
_cLI
_hxx
_ixx
_n
999 _c25565
_d25565